000 00761nam a22002057a 4500
005 20240530110918.0
008 220221s2006 ua a g b 000 0 ara d
040 _aEG-CaGPL
_cEG-CaGPL
082 0 4 _221
_a338.4791\
_bو د
100 0 _aوفاء زكى ابراهيم
245 1 0 _aدور السياحة فى التنمية الاجتماعية :
_bدراسة تقويمية للقرى السياحية /
_cتأليف وفاء زكى ابراهيم
250 _aط.1
260 _aالقاهرة :
_bالمكتب الجامعى الحديث ،
_c2006
300 _a472 ص؛
_c24 سم
650 0 7 _aالسياحة
_2qrmak
650 0 7 _aالقرى السياحية
651 _2qrmak
942 _2ddc
_cBK
999 _c66422
_d66422